Statystyki dla Stolice pochodzące od państw

Kliknij tutaj aby rozwiązać quiz!

Ogólne statystyki

  • Ten quiz został rozwiązany 50 razy
  • Średni wynik to 4 z 8

Statystyki odpowiedzi

stolice% Poprawnych
Watykan
82%
Luksemburg
77%
San Marino
75%
Andora
66%
Meksyk
50%
Singapur
32%
Gwatemala
30%
Dżibuti
18%

Rozkład punktacji

Percentyl według liczby udzielonych odpowiedzi

Procent ludzi z każdym wynikiem

Twoja historia wyników

Nie rozwiązałeś tego quizu